000 00521nam a2200181Ia 4500
003 GCL
008 140319s9999 xx 000 0 ara d
040 _aGCL /
_cGCL
082 0 4 _aد
_b050
100 1 _aصلاح فضل
245 1 0 _aبلاغة الخطاب وعلم النص ( عالم المعرفة 164 ) /
_cصلاح فضل
300 _a360 ص
490 _aعالم المعرفة
_v0
650 0 4 _aالخطابة
650 0 4 _aالبلاغة
650 0 4 _aاللغة العربية - علم
942 _2ddc
_cBK
999 _c50309
_d50309